| 000 | 00554nam a22001937a 4500 | ||
|---|---|---|---|
| 999 |
_c4939 _d4939 |
||
| 003 | AR-CdUCM | ||
| 008 | 190311b ||||| |||| 00| 0 spa d | ||
| 040 |
_aMUNICIPALIDAD PROVINCIAL DEL CUSCO _cBIBLIOTECA MUNICIPAL DEL CUSCO |
||
| 082 |
_a869.56 / _bN56 |
||
| 100 |
_aNiezen Menaut, Eduardo Z. _915148 |
||
| 245 | _aEl Tesoro del Inkaryi / | ||
| 260 |
_aLima : _bMinerva ; _c1990. |
||
| 300 |
_a387 páginas ; _c20cm |
||
| 505 | _aContenido: Novela | ||
| 650 |
_aNovela peruana _9234 |
||
| 650 |
_aSiglo XX _98 |
||
| 942 |
_2ddc _cLIBROS |
||
| 945 | _anom | ||